Bibliography of the Far Eastern Tropics
This book introduce bibliography about general, the Philippine issland, French Indo-China, British north Borneo, Sarawak and Brunei, British Malaya...
Zapisane w:
| Format: | Książka |
|---|---|
| Język: | Undetermined |
| Wydane: |
Taihoku
Nansi-Nanyô Keizai Kenkyûkai, Taihoku College of Commerce
1938
|
| Hasła przedmiotowe: | |
| Etykiety: |
Dodaj etykietę
Nie ma etykietki, Dołącz pierwszą etykiete!
|
| Thư viện lưu trữ: | Trung tâm Học liệu Trường Đại học Cần Thơ |
|---|
| LEADER | 00685nam a2200181Ia 4500 | ||
|---|---|---|---|
| 001 | CTU_227650 | ||
| 008 | 210402s9999 xx 000 0 und d | ||
| 082 | |a 011.1 | ||
| 082 | |b B582 | ||
| 245 | 0 | |a Bibliography of the Far Eastern Tropics | |
| 260 | |a Taihoku | ||
| 260 | |b Nansi-Nanyô Keizai Kenkyûkai, Taihoku College of Commerce | ||
| 260 | |c 1938 | ||
| 520 | |a This book introduce bibliography about general, the Philippine issland, French Indo-China, British north Borneo, Sarawak and Brunei, British Malaya... | ||
| 650 | |a Đông Nam Á,Southeast Asia | ||
| 650 | |x Thư mục,Bibliography | ||
| 910 | |b dqhieu | ||
| 980 | |a Trung tâm Học liệu Trường Đại học Cần Thơ | ||